Quiz sur le Vaucluse - Statistiques

Statistiques générales
  • Ce quiz a été pris 3 314 fois
  • Le résultat moyen est 10 sur 18
Statistiques - réponses
Question Réponse % Correct
Région dans laquelle il se situe Provence-Alpes-Côte-d'Azur
97%
Numéro du département 84
96%
Préfecture et ville la plus peuplée Avignon
96%
Deux cours d'eau formant respectivement les frontières ouest et suddu département, et au confluent desquels la préfecture se situe Rhône
79%
Montagne surnommée le "Géant de Provence", bien connue des cyclistes Mont Ventoux
75%
Ville célèbre pour son théâtre antique, on l'appelle aussi la « Cité des Princes » Orange
75%
Fruit faisant la fierté de Cavaillon, qui en est la « capitale » Melon
72%
Art célébré par un fameux festival, chaque année dans la préfecture Théâtre
69%
Sous-préfecture qui en était la capitale historique Carpentras
51%
Deux cours d'eau formant respectivement les frontières ouest et suddu département, et au confluent desquels la préfecture se situe Durance
48%
Village ayant donné son nom au département {Fontaine}-de-Vaucluse
45%
Roche ferrique jaune à rouge exploitée comme pigment dans le département Ocre
44%
Autre sous-préfecture célèbre pour ses fruits confits Apt
38%
Massif montagneux au sud-est du département aux paysages pittoresques Massif du {Luberon}
32%
Président du Conseil français qui signa les accords de Munich en 1938 Edouard Daladier
26%
Partie française des États Pontificaux, qui existait entre 1274 à 1791 Comtat Venaissin
22%
Écrivain célèbre pour Le Pont de la rivière Kwaï et La Planète des singes Pierre Boulle
19%
Grand compositeur du XXème siècle, qui a notamment signé les20 regards sur l'enfant Jésus et la Turangalîla Symphonie Olivier {Messiaen}
11%
Aucun quiz correspondant
Distribution des résultats
% des personnes avec chaque résultat
Percentile par nombre de réponses
Votre historique - résultats
Vous n’avez pas pris ce quiz